00514nmm a2200157Ia 4500008004100000020001800041041000800059100002200067245010000089264005100189300001800240650002300258856005100281942000700332999001700339251105s9999||||xx |||||||||||||||||und|| a9788499402857 aspa aKrsnananda, Svami 0aEl descubrimiento de lo absoluto :b Un tratado sobre la filosofía vedanta y su metodología a[Madrid, España] :bBiblioteca Nueva, c2015 a240 páginas aPhilosophy, Ethics uhttps://public.digitaliapublishing.com/a/38130 cCF c92677d92677